Holiday Quiz

Random Holiday or Food Quiz

Holiday by Cupcake Quiz Stats

 Plays Quiz Updated Dec 27, 2015

Support Sporcle.
Go Orange.
Score 0/12 Timer 03:00
14 Plays Today
% Correct
Christmas
97.8%
Easter
96.3%
Valentine's Day
95.4%
St. Patrick's Day
94.9%
Thanksgiving Day
94.1%
Halloween
94%
Independence Day
93%
New Year's Day
86.6%
Groundhog Day
84.9%
Pi Day
51%
Hanukkah
31.1%
Ramadan
20%

From the Vault

15 in 15: Capitals of Europe

by pecheneg

Geography 15s
No, we're not talking about a 15-day tour or anything like that.
Remove Ads.
Support Sporcle.
Get the best of Sporcle when you Go Orange. This ad-free experience offers more features, more stats, and more fun while also helping to support Sporcle. Thank you for becoming a member.

Show Comments

Extras

Top Quizzes Today


Score Distribution

Your Account Isn't Verified!

In order to create a playlist on Sporcle, you need to verify the email address you used during registration. Go to your Sporcle Settings to finish the process.

Report this User

Report this user for behavior that violates our Community Guidelines.

Details: